| 000 | 00523nam a22001457a 4500 | ||
|---|---|---|---|
| 999 |
_c61017 _d61017 |
||
| 005 | 20231207103806.0 | ||
| 008 | 231207s1973 ru ||||| |||| 00| 0 rus d | ||
| 041 | _arus | ||
| 080 | _a902(479+4-11) K-12 | ||
| 245 | _aКавказ и Восточная Европа в древности. | ||
| 264 |
_a М.: _bНаука, _c1973. |
||
| 300 |
_a264 с. : _bилл.; _c22 см. |
||
| 653 | _aკავკასია და აღმოსავლეთ ევროპა ძველად | ||
| 942 |
_2udc _cᲬᲘᲒᲜᲘ |
||